Implementation of Data Discovery in a Specific Company

Cieľom predloženého príspevku je popísať návrh implementácie nástrojov Data Discovery v konkrétnom slovenskom podniku. Tento podnik má významné postavenie vo výrobe konkrétnych komponentov pre automobilový priemysel a aj napriek tomu že tento podnik využíva najnovšiu verziu svojho informačného systé...

Full description

Saved in:
Bibliographic Details
Main Author: Dugas, Jaroslav, 1967-
Other Authors: Bosák, Martin, 1967-, Cenek, Martin
Format: Book Chapter
Language:Slovak
Subjects:
Tags: Add Tag
No Tags, Be the first to tag this record!

MARC

LEADER 00000naa$a2200000$$$4500
001 0298272
005 20240502074522.6
041 0 |a slo 
044 |a SK 
245 1 0 |a Implementation of Data Discovery in a Specific Company  |c Jaroslav Dugas, Martin Bosák, Martin Cenek 
520 |a Cieľom predloženého príspevku je popísať návrh implementácie nástrojov Data Discovery v konkrétnom slovenskom podniku. Tento podnik má významné postavenie vo výrobe konkrétnych komponentov pre automobilový priemysel a aj napriek tomu že tento podnik využíva najnovšiu verziu svojho informačného systému, predsa len prostredníctvom návrhu implementácie Data Discovery môže získať ďalšie možnosti ešte relevantnejšieho využívania podnikového informačného systému. Tieto možnosti by mohli podnikovému manažmentu ešte výraznejšie pomôcť pri jeho rozhodovaní. 
610 2 0 |a podnik 
610 2 0 |a systémy informačné 
610 2 0 |a implementácia 
610 2 0 |a používatelia 
610 2 0 |a priemysel automobilový 
610 2 0 |a Slovensko 
100 1 |a Dugas, Jaroslav, 1967- 
700 1 |a Bosák, Martin, 1967- 
700 1 |a Cenek, Martin